000 01523nmc a2200493 a 4500
003 AR-BaBNM
005 20251128211642.0
008 185020s[200 ||||||||||||||000 | spa||
020 _a980-251-101-3
040 _cAR-BaBNM
245 1 0 _aLa formación del profesorado
_bproyectos de formación en centros educativos
250 _a1ª ed.
260 _aCaracas
_bLaboratorio Educativo
_c[2001]
300 0 _a157 p.
490 0 _aClaves para la innovación educativa
_v7
504 _aIncluye referencias bibliográficas al final de cada capítulo
650 4 _aFORMACION DE DOCENTES
650 4 _aPROYECTOS
651 4 _aEspaña
653 _aINSTITUCIONES EDUCATIVAS
653 _aFORMACION DOCENTE CONTINUA
653 _aEXPERIENCIAS EDUCATIVAS
653 _aEDUCACION INICIAL
653 _aEDUCACION PRIMARIA
653 _aEDUCACION SECUNDARIA
700 1 _aAlonso Alvarez, Eduardo
700 1 _aCases, Imma
700 0 _aColén M. Teresa
700 1 _aFlor, José Ignacio
700 1 _aGarcía Campos, Elvira
700 1 _aImbernón, Francisco
700 1 _aMartín Rodríguez, Eustaquio
700 1 _aMauri, Teresa
700 1 _aMellado, Vicente
700 1 _aRabadán, José Ma.
700 1 _aRebenga, Alberto
700 1 _aRodríguez Serna, Crisálida
700 1 _aTrueba, Beatriz
700 1 _aVilarrubias, Pía
710 1 _aCentro de Profesores y Recursos de Salamanca
710 1 _aColegios Rurales Agrupados de Forfoleda
942 _cBK
998 _ccalidad
999 _c20590
_d20590